<?xml version="1.0" encoding="UTF-8"?>
<record
    xmlns:xsi="http://www.w3.org/2001/XMLSchema-instance"
    xsi:schemaLocation="http://www.loc.gov/MARC21/slim http://www.loc.gov/standards/marcxml/schema/MARC21slim.xsd"
    xmlns="http://www.loc.gov/MARC21/slim">

  <leader>01515nam a2200421   4500</leader>
  <controlfield tag="003">OSt</controlfield>
  <controlfield tag="005">20260530115303.0</controlfield>
  <controlfield tag="008">260505b1971    ag  |||| |||| 00| 0 spa d</controlfield>
  <datafield tag="040" ind1=" " ind2=" ">
    <subfield code="a">ICI</subfield>
    <subfield code="b">spa</subfield>
    <subfield code="c">ICI</subfield>
  </datafield>
  <datafield tag="041" ind1=" " ind2=" ">
    <subfield code="a">spa</subfield>
  </datafield>
  <datafield tag="050" ind1=" " ind2="4">
    <subfield code="a">HC79.C6</subfield>
    <subfield code="b">S63</subfield>
  </datafield>
  <datafield tag="100" ind1="1" ind2=" ">
    <subfield code="a">Friedman, Georges, </subfield>
    <subfield code="e">autor </subfield>
    <subfield code="9">31560</subfield>
  </datafield>
  <datafield tag="245" ind1="1" ind2="1">
    <subfield code="a">&#xBF;Sociedad de consumo o civilizaci&#xF3;n del bienestar? ;</subfield>
    <subfield code="b">El confort en cuesti&#xF3;n  /</subfield>
    <subfield code="c">Georges Friemann, Jan Tinbergen, Norman Mailer... [y otrs m&#xE1;s]</subfield>
  </datafield>
  <datafield tag="264" ind1=" " ind2="1">
    <subfield code="a"> Argentina :</subfield>
    <subfield code="b">Rodolfo Alonso editor,</subfield>
    <subfield code="c">1971</subfield>
  </datafield>
  <datafield tag="300" ind1=" " ind2=" ">
    <subfield code="a">206 p&#xE1;ginas</subfield>
  </datafield>
  <datafield tag="336" ind1=" " ind2=" ">
    <subfield code="a">texto</subfield>
    <subfield code="2">rdacontent</subfield>
  </datafield>
  <datafield tag="337" ind1=" " ind2=" ">
    <subfield code="a">sin medio</subfield>
    <subfield code="2">rdamedia</subfield>
  </datafield>
  <datafield tag="338" ind1=" " ind2=" ">
    <subfield code="a">volumen</subfield>
    <subfield code="2">rdacarrier</subfield>
  </datafield>
  <datafield tag="490" ind1=" " ind2=" ">
    <subfield code="a">Argumentos</subfield>
  </datafield>
  <datafield tag="700" ind1="1" ind2=" ">
    <subfield code="a">Tinbergen, Jan,</subfield>
    <subfield code="e">autor</subfield>
    <subfield code="9">31561</subfield>
  </datafield>
  <datafield tag="700" ind1="1" ind2=" ">
    <subfield code="a">Mailer, Norman, </subfield>
    <subfield code="e">autor</subfield>
    <subfield code="9">31562</subfield>
  </datafield>
  <datafield tag="700" ind1="1" ind2=" ">
    <subfield code="a">Albertini, Jean-Marie,</subfield>
    <subfield code="e">autor</subfield>
    <subfield code="9">31563</subfield>
  </datafield>
  <datafield tag="700" ind1="1" ind2=" ">
    <subfield code="a">buchanan, george,</subfield>
    <subfield code="e">autor</subfield>
    <subfield code="9">31564</subfield>
  </datafield>
  <datafield tag="700" ind1="1" ind2=" ">
    <subfield code="a">Cazes, Bernard, </subfield>
    <subfield code="e">autor</subfield>
    <subfield code="9">31565</subfield>
  </datafield>
  <datafield tag="700" ind1="1" ind2=" ">
    <subfield code="a">Crozier, Michel, </subfield>
    <subfield code="e">autor</subfield>
    <subfield code="9">31566</subfield>
  </datafield>
  <datafield tag="700" ind1="1" ind2=" ">
    <subfield code="a">Dieguez, de Manuel,</subfield>
    <subfield code="e">autor</subfield>
    <subfield code="9">31567</subfield>
  </datafield>
  <datafield tag="700" ind1="1" ind2=" ">
    <subfield code="a">D&#xE9;guy, Michel,</subfield>
    <subfield code="e">autor</subfield>
    <subfield code="9">31568</subfield>
  </datafield>
  <datafield tag="700" ind1="1" ind2=" ">
    <subfield code="a">Jouvenel de Bertrand,</subfield>
    <subfield code="e">autor</subfield>
    <subfield code="9">31569</subfield>
  </datafield>
  <datafield tag="700" ind1="1" ind2=" ">
    <subfield code="a">D&#xE9;traz, Albert,</subfield>
    <subfield code="e">autor</subfield>
    <subfield code="9">31570</subfield>
  </datafield>
  <datafield tag="700" ind1="1" ind2=" ">
    <subfield code="a">Fejt&#xF6;, Francois,</subfield>
    <subfield code="e">autor</subfield>
    <subfield code="9">31571</subfield>
  </datafield>
  <datafield tag="700" ind1="1" ind2=" ">
    <subfield code="a">Flam, L&#xE9;opold,</subfield>
    <subfield code="e">autor</subfield>
    <subfield code="9">31572</subfield>
  </datafield>
  <datafield tag="700" ind1="1" ind2=" ">
    <subfield code="a">Lapassade, Georges,</subfield>
    <subfield code="e">autor</subfield>
    <subfield code="9">31573</subfield>
  </datafield>
  <datafield tag="700" ind1="1" ind2=" ">
    <subfield code="a">Misrahi, Robert,</subfield>
    <subfield code="e">autor</subfield>
    <subfield code="9">31574</subfield>
  </datafield>
  <datafield tag="700" ind1="1" ind2=" ">
    <subfield code="a">Morin, Edgar,</subfield>
    <subfield code="e">autor</subfield>
    <subfield code="9">31575</subfield>
  </datafield>
  <datafield tag="700" ind1="1" ind2=" ">
    <subfield code="a">Perroux, Francois,</subfield>
    <subfield code="e">autor</subfield>
    <subfield code="9">31576</subfield>
  </datafield>
  <datafield tag="700" ind1="1" ind2=" ">
    <subfield code="a">Pizzorno, Alessandro,</subfield>
    <subfield code="e">autor</subfield>
    <subfield code="9">31577</subfield>
  </datafield>
  <datafield tag="942" ind1=" " ind2=" ">
    <subfield code="2">ddc</subfield>
    <subfield code="c">BK</subfield>
    <subfield code="n">1</subfield>
  </datafield>
  <datafield tag="999" ind1=" " ind2=" ">
    <subfield code="c">12968</subfield>
    <subfield code="d">12968</subfield>
  </datafield>
</record>
